Journal of chemical education software; special issue 19 = Flying over atoms

Сохранить в:
Библиографические подробности
Формат:
Язык:Undetermined
Опубликовано: Madison, WI Univ. of Wiscosin-Madison 1998
Предметы:
Метки: Добавить метку
Нет меток, Требуется 1-ая метка записи!
Thư viện lưu trữ: Trung tâm Học liệu Trường Đại học Cần Thơ
LEADER 00504nam a2200169Ia 4500
001 CTU_55046
008 210402s9999 xx 000 0 und d
020 |b 14350 
082 |a 541 
082 |b J86/sp19 
245 0 |a Journal of chemical education software; special issue 19 
245 0 |b = Flying over atoms 
260 |a Madison, WI 
260 |b Univ. of Wiscosin-Madison 
260 |c 1998 
650 |a chemistry, physical and theoretical 
980 |a Trung tâm Học liệu Trường Đại học Cần Thơ